LEADER 01215nas 2200433 c 450 001 9910894591203321 005 20260218111244.0 035 $a(CKB)3790000000115267 035 $a(OCoLC)1183391565 035 $a(OCoLC)644175964 035 $a(DE-101)023018038 035 $a(DE-599)ZDB2064217-9 035 $a(DE-599)2064217-9 035 $a(EXLCZ)993790000000115267 100 $a20011212a20009999 |y | 101 0 $ager 135 $aur||||||||||| 181 $ctxt$2rdacontent 182 $cc$2rdamedia 183 $acr$2rdacarrier 200 00$aKlinische Sportmedizin$eKS ; Chirurgie, Innere Medizin, Neurologie, Orthopädie, Traumatologie = Clinical sports medicine Germany 210 31$aLeipzig$cInstitut fu?r Sportmedizin$d2000- 215 $aOnline-Ressource 300 $aGesehen am 11.09.12 311 08$a1617-464X 517 1 $a Clinical sports medicine Germany 517 3 $aKS 608 $aZeitschrift$2gnd-content 676 $a610 676 $a793 676 $a796 686 $a31$2ssgn 801 0$b0355 801 1$bDE-101 801 2$b9999 906 $aJOURNAL 912 $a9910894591203321 996 $aKlinische Sportmedizin$92002332 997 $aUNINA